• 首页
  • 本馆介绍
  • 公告通知
  • 最新文献
  • 馆藏检索
  • 电子资源
  • 读者导购
  • 参考咨询
  • 我的图书馆
  • 登录
  • 详细信息显示
  • 放入我的书架
  • 预约/预借图书
  • 作者相关作品
  • 分类相关作品
  • 丛书相关作品
  • 出版社相关作品

书目信息

  • 表格格式
  • 工作单格式
  • 卡片格式
题名:
中国图书馆分类法
    
 
作者: ;中国图书馆分类法编辑委员会 编
分册:  
出版信息: 北京   北京图书馆出版社  1999
页数: 19,1141页
开本: 26cm
丛书名:
单 册:
中图分类: G254.122
科图分类:
主题词: 中国图书馆分类法
电子资源:
ISBN: 7-5013-1603-1
000 00992nam0 2200229 450
001 1561166464
005 20150207165957.34
010    @a7-5013-1603-1@b精装@dCNY160.00
100    @a20021225e20061999em y0chiy0110 ea
101 0  @achi
102    @aCN@b110000
105    @ay z 000yy
200 1  @a中国图书馆分类法@Azhong guo tu shu guan fen lei fa@9azhong guo tu shu guan fen lei fa ( di si ban )@f中国图书馆分类法编辑委员会编@FZhong Guo Tu Shu Guan Fen Lei Fa Bian Ji Wei Yuan Hui Bian
210    @a北京@c北京图书馆出版社@d1999@h2006重印
215    @a19,1141页@d26cm
330    @a《中国图书馆分类法》按照从总到分、从一般到具体的编制原则编列,以组成社会科学和自然科学的完整体系。在五个基本部类的基础上,组成22个大类。
510 1  @aChinese Library Classification(4)@zeng
606 0  @a中国图书馆分类法
690    @aG254.122@v5
711 02 @a中国图书馆分类法编辑委员会@9azhong guo tu shu guan fen lei fa bian ji wei yuan hui@4编
801  0 @aCN@bTSSF@c20150207
905    @aZUCC@dG254.122@eJY2
    
    中国图书馆分类法/中国图书馆分类法编辑委员会编.-北京:北京图书馆出版社,1999(2006重印)
    19,1141页;26cm
    
    
    ISBN 7-5013-1603-1(精装):CNY160.00
    《中国图书馆分类法》按照从总到分、从一般到具体的编制原则编列,以组成社会科学和自然科学的完整体系。在五个基本部类的基础上,组成22个大类。
●
相关链接 在E读中查询图书 在五车中查询图书 在当当中查询图书 在豆瓣中查询图书


正题名:中国图书馆分类法     索取号:G254.122/JY2         预约/预借

序号 登录号 条形码 馆藏地/架位号 状态 备注
1 7861494   278614947   学院路分馆/ [索取号:G254.122/JY2] 在馆    
唐山师范学院图书馆 欢迎您!
大连网信软件有限公司© 版权所有